000
00331nam a2200145Ia 4500
005
20251222151344.0
008
251222s9999||||xx |||||||||||||| ||spa||
020
_a
9500259338
082
_a
947.086.092/T83
100
_a
Truscott, Peter
245
0
_a
Vladimir Putin:
250
_a
1ra. ed.
264
_b
El Ateneo
942
_c
LIB
999
_c
24579
_d
24579